Pollyanna (Record no. 122006)

MARC details
000 -LÍDER
campo de controle de tamanho fixo 00969 a2200181 4500
001 - NÚMERO DE CONTROLE
campo de controle 122006
020 ## - ISBN - INTERNATIONAL STANDARD BOOK NUMBER
ISBN - International Standard Book Number 9788510048422
040 ## - FONTE DA CATALOGAÇÃO
Instituição que transcreveu o registro Escola Canadense de Niteroi
090 ## - NÚMERO DE CHAMADA LOCAL
Número de chamada (OCLC) (R); Número de chamada, CALL (RLIN) (NR) POR-P5
100 ## - ENTRADA PRINCIPAL--NOME PESSOAL
Nome pessoal Porter, Eleanor H.
245 10 - TÍTULO
Título Pollyanna
260 ## - PUBLICAÇÃO, DISTRIBUIÇÃO, ETC.
Local de publicação, distribuição, etc. São Paulo
300 ## - DESCRIÇÃO FÍSICA
Outros detalhes físicos il.
Dimensões 8 x 16.51 x 0.76 cm
362 0# - DATAS DE PUBLICAÇÃO E/OU DESIGNAÇÃO SEQUENCIAL
Datas de publicação e/ou designação sequencial 2010
520 ## - NOTA DE RESUMO, ETC
Resumo, etc. Embarque na emocionante história da doce Pollyanna, que, após ficar órfã, aos 11 anos, vai morar com a sua amarga tia. Essa convivência, aparentemente impossível, vai transformar a vida de ambas e de todos à sua volta. O livro, um dos mais traduzidos e adaptados romances do século XX, carrega a intensa mensagem positiva de que todas as coisas podem ser melhores, dependendo da forma como as olhamos. Desta vez em edição bilíngue, em português e inglês, a história é mais um clássico da literatura juvenil mundial que vem surpreendendo os leitores há anos.
650 #4 - ASSUNTO--TERMO TÓPICO
Cabeçalho tópico ou nome geográfico Literatura Infantil
942 ## - ELEMENTOS DE ENTRADA ADICIONADOS (KOHA)
Tipo de material Koha Livros
Holdings
Situação do descarte Situação das perdas Situação física Não pode ser emprestado Biblioteca de origem Biblioteca atual Data de aquisição Total de empréstimos Número de chamada completo Código de barras Data de último acesso Data do preço efetivo Tipo de material Koha
        Canadian School of Niterói - Piratininga Canadian School of Niterói - Piratininga 09/02/2024   POR-P5 A12041 09/02/2024 09/02/2024 Livros